000 01008nam a2200229Ia 4500
999 _c47280
_d47280
001 14140
003 GE_BSU
005 20231023121628.0
008 181216s2008||||ge |||||||||||||| ||geo||
020 _a9789941406034
040 _cGE_BSU
041 _ageo
080 _a821.353.1-32 ი-53
100 _aინანიშვილი, რევაზ
_918450
245 _aმოთხრობები ტ. 3 /
_b
_cრევაზ ინანიშვილი ; რედ. ნათელა თუხარელი ; მხატვ. ბადრი გაგნიძე.
264 _aთბილისი :
_bსაქართველოს მაცნე,
_c2008.
300 _a526 გვ. :
_b1ფ. პორტრ., ილ. ;
_c20 სმ.
653 _aმოთხრობები
700 _aთუხარელი, ნათელა
_eრედაქტორი
_920184
700 _aგაგნიძე, ბადრი
_eმხატვარი
_91340
942 _cBK
_2udc